000 00708nam a2200289Ia 4500
005 20260324143825.0
008 008 260324s9999 xx 000 0 eng d
020 _a9780203741672
037 _aEBOOK
040 _aCRL
040 _beng
040 _cCRL
041 _2eng
041 _aeng
084 _qCRL
100 _aWolfgang Schwarz
_91217059
245 0 _aPvp
245 2 _bA Critical Review of the Kinetics and Toxicology of Polyvinylpyrrolidone (Povidone)
260 _bTaylor and Francis
260 _c1990
365 _a
365 _b880
856 _uhttp://www.taylorfrancis.com/books/9780203741672
942 _cEBOOK
999 _c1822914
_d1822914